La acción de la teoría del delito (Registro nro. 4801)

Detalles MARC
000 -Cabecera
Campo de control de longitud fija 00843aam a2200313 4500
005 - Fecha y hora de la última transacción
Campo de control 20260302163932.0
008 - Elementos de longitud fija--Información general
Campo de control de longitud fija 150420b2007 xxu||||| |||| 00| 0 spa d
020 ## - International Standard Book Number
Número Internacional Estándar del Libro (ISBN) 9789506794132
041 ## - Idioma
Código de idioma Español
082 ## - Clasificación Decimal Dewey
Número de clasificación 364.1 AM481a
100 ## - Entrada principal--Autor personal
Nombre personal Amadeo, Sebastián José
9 (RLIN) 34135
245 ## - Título propiamente dicho
Título La acción de la teoría del delito
260 ## - Pie de imprenta
Lugar de publicación, distribución, etc. Argentina
260 ## - Pie de imprenta
Nombre del editor, distribuidor, etc. Editorial Universidad
260 ## - Pie de imprenta
Fecha de publicación, distribución, etc. 2007
300 ## - Descripción física
Extensión 192 páginas
490 ## - Serie
Título de la Serie Investigación Criminal
650 ## - Materia general
Temática (materia general) DELITOS
650 ## - Materia general
Temática (materia general) TEORÍA DEL DELITO
650 ## - Materia general
Temática (materia general) MODELOS EXPLICATIVOS
650 ## - Materia general
Temática (materia general) CONCEPCIONES PRECLÁSICAS
650 ## - Materia general
Temática (materia general) MODELO CAUSALISTA
650 ## - Materia general
Temática (materia general) MODELO FINALISTA
650 ## - Materia general
Temática (materia general) CONCEPCIÓN HEGELIANA
650 ## - Materia general
Temática (materia general) CONCEPCIONES SOCIALES
650 ## - Materia general
Temática (materia general) MODELOS FUNCIONALISTAS
650 ## - Materia general
Temática (materia general) DERECHO PENAL
942 ## - Punto de acceso adicional KOHA
Tipo de ítem KOHA Libro
Fuente del sistema de clasificación o colocación Dewey Decimal Classification
Existencias
Signatura completa Código de barras Programa Académico Tipo de ítem
364.1 AM481a 13710 Investigación Criminal Libro